000
00278nam a2200121Ia 4500
100
_a
VIDVANS M.S.
942
_c
BK
366
_f
50
245
_a
RAMABAI RANADE VYKTITVA AND KARTUTVA
260
_b
RAJYA MARATHI VIKAS SANSTHA
_a
Mumbai
_c
2001
300
_a
170
546
_a
MARATHI
999
_c
19191
_d
19191